|
|
|
|
| LEADER |
00000cam a22000004a 4500 |
| 001 |
musev2_5701 |
| 003 |
MdBmJHUP |
| 005 |
20230905040656.0 |
| 006 |
m o d |
| 007 |
cr||||||||nn|n |
| 008 |
971013s1997 cc o 00 0 eng d |
| 010 |
|
|
|z 98170590
|
| 020 |
|
|
|a 9789882202207
|
| 020 |
|
|
|z 9789622094383
|
| 035 |
|
|
|a (OCoLC)651008855
|
| 040 |
|
|
|a MdBmJHUP
|c MdBmJHUP
|
| 043 |
|
|
|a a-hk---
|
| 050 |
0 |
4 |
|a HD943.2
|b .R46 1997
|
| 100 |
1 |
|
|a Renaud, Bertrand,
|d 1939-
|
| 245 |
1 |
0 |
|a Markets at Work :
|b Dynamics of the Residential Real Estate Market in Hong Kong /
|c B. Renaud, F. Pretorius and B. Pasadilla.
|
| 264 |
|
1 |
|a Hong Kong :
|b Hong Kong University Press,
|c 1997.
|
| 264 |
|
3 |
|a Baltimore, Md. :
|b Project MUSE,
|c 2012
|
| 264 |
|
4 |
|c ©1997.
|
| 300 |
|
|
|a 1 online resource (128 pages):
|b ill., col. map ;
|
| 336 |
|
|
|a text
|b txt
|2 rdacontent
|
| 337 |
|
|
|a computer
|b c
|2 rdamedia
|
| 338 |
|
|
|a online resource
|b cr
|2 rdacarrier
|
| 500 |
|
|
|a Map on endpapers.
|
| 504 |
|
|
|a Includes bibliographical references (p. [109]-112) and index.
|
| 588 |
|
|
|a Description based on print version record.
|
| 650 |
|
0 |
|a Real property
|x Prices
|z Hong Kong.
|
| 650 |
|
0 |
|a Real property
|x Valuation
|z Hong Kong.
|
| 650 |
|
0 |
|a Real estate investment
|z Hong Kong.
|
| 650 |
|
0 |
|a Real estate business
|z Hong Kong.
|
| 650 |
|
0 |
|a Residential real estate
|z Hong Kong.
|
| 655 |
|
7 |
|a Electronic books.
|2 local
|
| 700 |
1 |
|
|a Pasadilla, B.
|q (Bernabe O.)
|
| 700 |
1 |
|
|a Pretorius, F.
|q (Frederik)
|
| 710 |
2 |
|
|a Project Muse.
|e distributor
|
| 830 |
|
0 |
|a Book collections on Project MUSE.
|
| 856 |
4 |
0 |
|z Texto completo
|u https://projectmuse.uam.elogim.com/book/5701/
|
| 945 |
|
|
|a Project MUSE - Custom Collection
|
| 945 |
|
|
|a Project MUSE - Archive Complete Foundation
|
| 945 |
|
|
|a Project MUSE - Archive Political Science and Policy Studies Foundation
|